| 000 | 00523nam a22001577a 4500 | ||
|---|---|---|---|
| 999 |
_c535848 _d535848 |
||
| 020 | _qHard Cover. | ||
| 082 | _a611 | ||
| 100 | _aMuhammad Saad Abdullah | ||
| 245 |
_aNSAIDS-INDUCED GASTRIC ULCER IN AND PROTECTIVE EFFECTS OF PRNUS DULCIS / _cMuhammad Saad Abdullah. |
||
| 260 |
_aIslamabad : _bAMC - NUST, _c2016. |
||
| 300 |
_axviii, 110 p. : ill. ; _c30cm. |
||
| 942 |
_2ddc _cTHE |
||
| 650 |
_aAnatomy M Phil. -Thesis. _924789 |
||
| 700 |
_aShabnam Hamid. _930738 |
||